000 00472nam a22001817a 4500
008 131112b xxu||||| |||| 00| 0 alb d
020 _a9994347039
041 0 _aalb
080 _a338.48
_x(075.8)
100 1 _aBakiu, Vjollca
245 1 _aMenaxhimi i turizmit /
_cVjollca Bakiu
260 _aTiranë :
_bBotimet Erik ;
300 _a317 f. ;
_c24 cm.
505 _aBibliografia : f. 309-310
650 0 _aMenaxhimi
650 0 _aTregëtia turistike
942 _2udc
_cBK
999 _c281
_d281